Nové trendy interaktívnej komunikácie v médiách

Základné východiská interaktívnej komunikácie. Interaktívna komunikácia v súčasnosti. Vplyv digitalizácie na interaktivitu. Digitálna gramotnosť. Očakávania prínosu digitálnej televízie. Inovatívne prístupy k interaktívnej komunikácii.

Saved in:
Bibliographic Details
Main Author: Lipianska, Júlia
Other Authors: Eisele, Štefan
Format: Book Chapter
Language:Slovak
Subjects:
Tags: Add Tag
No Tags, Be the first to tag this record!

MARC

LEADER 00000nla$a2200000$$$4500
001 0116384
005 20240502072310.1
041 0 |a slo 
044 |a SK 
245 1 0 |a Nové trendy interaktívnej komunikácie v médiách  |c Júlia Lipianska, Štefan Eisele 
520 |a Základné východiská interaktívnej komunikácie. Interaktívna komunikácia v súčasnosti. Vplyv digitalizácie na interaktivitu. Digitálna gramotnosť. Očakávania prínosu digitálnej televízie. Inovatívne prístupy k interaktívnej komunikácii. 
610 2 0 |a komunikácia 
610 2 0 |a digitalizácia 
610 2 0 |a gramotnosť digitálna 
610 2 0 |a väzba spätná 
610 2 0 |a médiá 
610 2 0 |a televízia 
610 2 0 |a inovácia 
100 1 |a Lipianska, Júlia 
700 1 |a Eisele, Štefan